000
00302nam a22001337a 4500
008
180905b xxu||||| |||| 00| 0 eng d
020
_a
9780072921632
041
_a
eng
080
_2
6 ED
_a
612.39
100
_a
10
101
_a
NUT
245
_a
Perspective Nutrition
_c
Wardlaw.h
942
_2
udc
_c
BK
999
_c
47554
_d
47554